Statistiques concernant Pays du Monde avec un R en deuxième lettre

Cliquez ici pour prendre le quiz!

Statistiques générales

  • Ce quiz a été pris 535 fois
  • Le résultat moyen est 13 sur 16

Statistiques - réponses

Réponse% Correct
Arménie
95%
France
94%
Argentine
90%
Croatie
89%
Brésil
87%
Arabie Saoudite
85%
Irak
84%
Iran
84%
Irlande
84%
Grèce
81%
Uruguay
78%
Erythrée
75%
Sri Lanka
71%
Brunei
68%
Grenade
61%
Trinité-et-Tobago
61%

Distribution des résultats

Percentile par nombre de réponses

% des personnes avec chaque résultat

Votre développement - résultats

Vous n’avez pas pris ce quiz